Foundations of deep reinforcement learning : (Record no. 554513)
[ view plain ]
| 000 -LEADER | |
|---|---|
| fixed length control field | 01702nam a22002055i 4500 |
| 020 ## - INTERNATIONAL STANDARD BOOK NUMBER | |
| International Standard Book Number | 9780135172384 |
| Qualifying information | (paperback) |
| 020 ## - INTERNATIONAL STANDARD BOOK NUMBER | |
| Qualifying information | (epub) |
| 020 ## - INTERNATIONAL STANDARD BOOK NUMBER | |
| Qualifying information | (adobe pdf) |
| 082 ## - DEWEY DECIMAL CLASSIFICATION NUMBER | |
| Classification number | 006.31 GRA |
| 100 1# - MAIN ENTRY--PERSONAL NAME | |
| Personal name | Graesser, Laura Harding, |
| Relator term | author. |
| 245 10 - TITLE STATEMENT | |
| Title | Foundations of deep reinforcement learning : |
| Remainder of title | theory and practice in Python / |
| Statement of responsibility, etc. | Laura Harding Graesser, Wah Loon Keng. |
| 250 ## - EDITION STATEMENT | |
| Edition statement | First edition. |
| 260 ## - PUBLICATION, DISTRIBUTION, ETC. | |
| Place of publication, distribution, etc. | Boston |
| Name of publisher, distributor, etc. | Addison-Wesely |
| Date of publication, distribution, etc. | 2020 |
| 300 ## - PHYSICAL DESCRIPTION | |
| Extent | 379p |
| 700 1# - ADDED ENTRY--PERSONAL NAME | |
| Personal name | Keng, Wah Loon, |
| 942 ## - ADDED ENTRY ELEMENTS (KOHA) | |
| Source of classification or shelving scheme | |
| Koha item type | Book |
| 700 1# - ADDED ENTRY--PERSONAL NAME | |
| -- | 52056 |
| Withdrawn status | Lost status | Source of classification or shelving scheme | Damaged status | Not for loan | Permanent Location | Current Location | Date acquired | Source of acquisition | Total Checkouts | Total Renewals | Full call number | Barcode | Date last seen | Date last checked out | Price effective from | Koha item type |
|---|---|---|---|---|---|---|---|---|---|---|---|---|---|---|---|---|
| Central Library (CL) | Central Library (CL) | 04/13/2021 | Allied Book Company | 1 | 5 | 006.31 GRA | CL-537 | 04/16/2025 | 02/23/2023 | 04/13/2021 | Book |
